Los métodos de la historia (Record no. 35246)

MARC details
000 -LEADER
fixed length control field 00701nam a22001817a 4500
005 - DATE AND TIME OF LATEST TRANSACTION
control field 20241129120706.0
008 - FIXED-LENGTH DATA ELEMENTS--GENERAL INFORMATION
fixed length control field 121124t mx ||||| |||| 00| 0 spa d
020 ## - INTERNATIONAL STANDARD BOOK NUMBER
International Standard Book Number 9684190980
050 04 - LIBRARY OF CONGRESS CALL NUMBER
Classification number D16
Item number C37 1977
100 1# - MAIN ENTRY--PERSONAL NAME
Personal name Cardoso, Ciro F.
Fuller form of name (Ciro Flamarion Santana Cardoso),
Numeration 1942-
Relator term autor
245 14 - TITLE STATEMENT
Title Los métodos de la historia
Remainder of title : introducción a los problemas, métodos y técnicas de la historia demográfica, económica y social
Statement of responsibility, etc / Ciro F. S. Cardoso y H. Pérez Brignoli.
250 ## - EDITION STATEMENT
Edition statement 1a ed.
260 ## - PUBLICATION, DISTRIBUTION, ETC. (IMPRINT)
Place of publication, distribution, etc México :
Name of publisher, distributor, etc Grijalbo,
Date of publication, distribution, etc 1977.
300 ## - PHYSICAL DESCRIPTION
Extent 438 p. ;
Dimensions 19 cm.
504 ## - BIBLIOGRAPHY, ETC. NOTE
Linkage Incluye anexos, bibliografía e índice.
650 #7 - SUBJECT ADDED ENTRY--TOPICAL TERM
Source of heading or term lemb
Topical term or geographic name as entry element Historia
General subdivision Metodología
942 ## - ADDED ENTRY ELEMENTS (KOHA)
Source of classification or shelving scheme Biblioteca del Cogreso de los Estados Unidos
Koha item type Libro
Holdings
Estado de pérdida Fuente de clasificación Estado del daño No para préstamo Ubicación permanente Ubicación actual Apartado o colección Fecha de adquisición Edición Área del conocimiento Clasificación Código de Barras Date last seen Número de copia Costo por reposición Tipo de recurso Nota pública Total Checkouts
  Biblioteca del Cogreso de los Estados Unidos     Biblioteca de la Preparatoria Melchor Ocampo Biblioteca de la Preparatoria Melchor Ocampo General 11/11/2021 1a ed. Ciencias Sociales y Administrativas D16 C37 r1979 PMO000002109 11/11/2021 1 1.00 Libro    
  Biblioteca del Cogreso de los Estados Unidos     Biblioteca del Instituto de Investigaciones Históricas Biblioteca del Instituto de Investigaciones Históricas General 24/11/2012 1a ed. Ciencias Sociales y Administrativas D16 C37 1977 IIH000009269 24/11/2012 1 1.00 Libro GENERAL